|
|
|
|
| LEADER |
00000nam0a2200000 4500 |
| 001 |
228852 |
| 005 |
20231101230912.0 |
| 010 |
|
|
|a 5110007659
|
| 035 |
|
|
|a (RuTPU)RU\TPU\book\249359
|
| 090 |
|
|
|a 228852
|
| 100 |
|
|
|a 20121222d1990 m y0rusy50 ca
|
| 101 |
0 |
|
|a rus
|
| 102 |
|
|
|a UA
|
| 105 |
|
|
|a a z 001zy
|
| 200 |
1 |
|
|a Практика литья в кокиль чугунных деталей
|f Л. А. Солнцев, В. Д. Шифрин, А. С. Наджафов
|
| 210 |
|
|
|a Харьков
|c Основа
|d 1990
|
| 215 |
|
|
|a 112 с.
|c ил.
|
| 320 |
|
|
|a Библиогр.: с. 109-111.
|
| 606 |
1 |
|
|a Литье в кокиль
|2 stltpush
|3 (RuTPU)RU\TPU\subj\40462
|9 60310
|
| 610 |
1 |
|
|a кокильное литье
|
| 610 |
1 |
|
|a чугунные детали
|
| 610 |
1 |
|
|a охлаждение
|
| 610 |
1 |
|
|a конструкции
|
| 610 |
1 |
|
|a стойкость
|
| 610 |
1 |
|
|a отливки
|
| 610 |
1 |
|
|a термическая обработка
|
| 610 |
1 |
|
|a производство
|
| 610 |
1 |
|
|a механизация
|
| 675 |
|
|
|a 621.74.043.1
|v 3
|
| 700 |
|
1 |
|a Солнцев
|b Л. А.
|g Леонард александрович
|
| 701 |
|
1 |
|a Шифрин
|b В. Д.
|g Владимир Данилович
|
| 701 |
|
1 |
|a Наджафов
|b А. С.
|g Али Соломон оглы
|
| 801 |
|
1 |
|a RU
|b 63413507
|c 20121222
|
| 801 |
|
2 |
|a RU
|b 63413507
|c 20130210
|g RCR
|
| 942 |
|
|
|c BK
|